000 00790cam a2200265 4500
001 ABS62159
008 000000n2000 000 0 eng u
035 _a(Sirsi) u105524
100 _aHerring, R.J.
245 _aReal estate booms and banking busts
260 _c2000
490 _aWharton Real Estate Review
_v4(1) Spring 2000, 32-50(10)
520 _aExamines the phenomena of property cycles and considers their relationship to banking crises, taking Sweden, Japan and Boston as examples.
590 _aABS
650 _aECONOMIC CYCLES
650 _aPROPERTY CYCLES
650 _aBANKING
650 _aSWEDEN
650 _aJAPAN
650 _aBOSTON
650 _aUNITED STATES
690 _aPROPERTY-COMMERCIAL PROPERTY
700 _aWachter, S.M.
942 _n0
999 _c63227
_d63227